000
00307nam a22001337a 4500
008
170607b xxu||||| |||| 00| 0 eng d
020
_a
9781405155533
041
_a
eng
080
_2
3 ED
_a
327
100
_a
18
101
_a
SHP
245
_a
THE GLOBALIZATION READER
_c
LECHNER.F.J
942
_2
udc
_c
BK
999
_c
16298
_d
16298